KOHA-Header-6

Lady Daisy (Record no. 7293)

000 -LEADER
fixed length control field 00249nam a2200109Ia 4500
100 ## - MAIN ENTRY--AUTHOR NAME
Personal name King - Smith
245 #0 - TITLE STATEMENT
Title Lady Daisy
260 ## - PUBLICATION, DISTRIBUTION, ETC. (IMPRINT)
Place of publication london
Name of publisher Penguin Books
Year of publication 1992
300 ## - PHYSICAL DESCRIPTION
Number of Pages 160
942 ## - ADDED ENTRY ELEMENTS (KOHA)
Koha item type Books
Holdings
Withdrawn status Lost status Collection code Permanent Location Current Location Shelving location Date acquired Full call number Accession Number Koha item type
    English Literature MAJU MAJU Shelf No.A15 2019-09-12 823.8 1104 English Literature

Powered by Koha